000 00522nam a2200181Ia 4500
999 _c28050
_d28050
003 OSt
005 20201223093905.0
008 190216s9999||||xx |||||||||||||| ||und||
020 _a817705704863
040 _coclc
082 _a894.8128
_bGOP/J
100 _aGopinathan, R
_97783
245 0 _aJohn Abraham Ammayethedi /
_cR Gopinathan
260 _bPrabhath Book House,
_aThiruvananthapuram:
_c2000.
300 _a88p
650 _aPadanam
942 _cBK
_2ddc
_h894.8128
_iGOP/J
_k894.8128
_mGOP/J